Interakcia YBaCuO tenkých vrstiev a štruktúr s dlhými organickými molekulami

Uložené v:
Podrobná bibliografia
Hlavný autor: Bennár, Michal (Autor)
Ďalší autori: Valko, Pavol (Vedúci práce)
Médium: Rukopis Kniha
Jazyk:Slovak
Vydavateľské údaje: Bratislava : STU v Bratislave FEI, 2022
Predmet:
On-line prístup:https://opac.crzp.sk/?fn=detailBiblioForm&sid=CCC58BA4FA4903AAF92B51375785&seo=CRZP-detail-kniha
Tagy: Pridať tag
Žiadne tagy, Buďte prvý, kto otaguje tento záznam!

MARC

LEADER 00000ntm a22000003a 4500
001 stuzp84588
003 SK-STU
005 20221005122014.7
007 ta
008 150427s2015----xo-----f-mn---000-0-slo-d
040 |a STU  |b slo 
041 0 |a slo 
044 |a xo 
100 1 |a Bennár, Michal  |u 036000  |4 aut  |U FEI Fakulta elektrotechniky a informatiky  |T FEI Ústav jadrového a fyzikálneho inžinierstva  |X 92413  |U E060  |Y 817  |7 92413 
242 0 1 |a Interaction of YBaCuO thin films and structures with long organic molecules  |y eng 
245 1 0 |a Interakcia YBaCuO tenkých vrstiev a štruktúr s dlhými organickými molekulami 
260 |a Bratislava :  |b STU v Bratislave FEI,  |c 2022 
300 |a 54 s. 
650 4 |a Supravodivosť  |2 slo 
650 4 |a Interakcia  |2 slo 
650 4 |a Chiralita  |2 slo 
650 4 |a Superconductivity  |2 eng 
650 4 |a Interaction  |2 eng 
650 4 |a Chirality  |2 eng 
700 1 |a Valko, Pavol  |u 036000  |k Z1  |4 ths  |U FEI Fakulta elektrotechniky a informatiky  |T FEI Ústav jadrového a fyzikálneho inžinierstva  |X 4234  |U E060  |Y 817  |7 A000004234 
856 4 |u https://opac.crzp.sk/?fn=detailBiblioForm&sid=CCC58BA4FA4903AAF92B51375785&seo=CRZP-detail-kniha